Ice age earth : late quaternary geology and climate

Αποθηκεύτηκε σε:
Λεπτομέρειες βιβλιογραφικής εγγραφής
Κύριος συγγραφέας: Dawson, A. G. (Alastair G.)
Μορφή: Βιβλίο
Γλώσσα:English
Δημοσίευση: London : Routledge, c1992
Σειρά:Routledge physical environment series
Θέματα:
Ετικέτες: Προσθήκη ετικέτας
Δεν υπάρχουν, Καταχωρήστε ετικέτα πρώτοι!

MARC

LEADER 00000nam a2200000 i 4500
001 1/94871
008 991130s1992 eng d
020 |a 0-415-01567-7 
035 |l 10055031 
040 |a GR-MY-UA  |b gre  |e aacr 
041 0 |a eng 
082 0 |a 551.792 
100 1 |a Dawson, A. G.  |q (Alastair G.) 
245 1 0 |a Ice age earth :  |b late quaternary geology and climate /  |c Alastair G. Dawson 
260 |a London :   |b Routledge,   |c c1992 
300 |a xx, 293 p.;  |b ill.; maps ;  |c 25 cm. 
490 1 |a Routledge physical environment series 
504 |a Includes bibliographical references and index 
650 0 0 |a Glacial epoch. 
650 0 0 |a Paleoclimatology  |x Quaternary. 
650 0 0 |a Geology, Stratigraphic  |y Quaternary. 
650 0 0 |a Climatic changes. 
830 0 |a Routledge physical environment series 
852 |a INST  |b LESVOS  |e 19991130  |h 551.792 DAW  |p 005100022468  |q 005100022468  |t BK  |y 0 
901 |a BIBL1-1999-3 
909 |a Λ  |b 070256 
922 |a 1ΕΛΗ  |b 199911  |c ΚΠΣ/ΤΓ  |d LEADER 
950 |a 118-1999-09-03 
970 |a ΤΖΑΦΕΡΗ  |b ΕΥΑΓΓΕΛΙΑ  |z 1999/12/09